MARC details
| 000 -CABECERA |
| campo de control de longitud fija |
02217nam a2200313 i 4500 |
| 001 - NÚMERO DE CONTROL |
| campo de control |
000022127 |
| 003 - IDENTIFICADOR DEL NÚMERO DE CONTROL |
| campo de control |
DO-SdBNP |
| 005 - FECHA Y HORA DE LA ÚLTIMA TRANSACCIÓN |
| campo de control |
20260321073640.0 |
| 006 - CÓDIGOS DE INFORMACIÓN DE LONGITUD FIJA--CARACTERÍSTICAS DEL MATERIAL ADICIONAL |
| campo de control de longitud fija |
a||||gr|||| 00| 0 |
| 007 - CAMPO FIJO DE DESCRIPCIÓN FÍSICA--INFORMACIÓN GENERAL |
| campo de control de longitud fija |
ta |
| 008 - DATOS DE LONGITUD FIJA--INFORMACIÓN GENERAL |
| campo de control de longitud fija |
100917e1999 dr a 000 e spa d |
| 020 ## - NÚMERO INTERNACIONAL ESTÁNDAR DEL LIBRO |
| Número Internacional Estándar del Libro |
8493063819 |
| 040 ## - FUENTE DE LA CATALOGACIÓN |
| Centro catalogador/agencia de origen |
DO-SdBNP |
| Lengua de catalogación |
spa |
| Centro/agencia transcriptor |
BNPHU |
| Normas de descripción |
rda |
| 082 #4 - NÚMERO DE LA CLASIFICACIÓN DECIMAL DEWEY |
| Número de clasificación |
RD864.44 |
| Número de documento/Ítem |
P964j |
| Número de edición |
22 |
| 245 00 - MENCIÓN DE TÍTULO |
| Título |
Prólogos de Juan Bosch / |
| Mención de responsabilidad, etc. |
editor, Orlando Inoa ; prólogo, Juan Bosch |
| 264 #4 - PRODUCCIÓN, PUBLICACIÓN, DISTRIBUCIÓN, FABRICACIÓN Y COPYRIGHT |
| Producción, publicación, distribución, fabricación y copyright |
Santo Domingo : |
| Nombre del de productor, editor, distribuidor, fabricante |
Editora Cole, |
| Fecha de producción, publicación, distribución, fabricación o copyright |
1999. |
| 300 ## - DESCRIPCIÓN FÍSICA |
| Extensión |
197 páginas : |
| Otras características físicas |
Ilustraciones ; |
| Dimensiones |
21 cm. |
| 336 ## - TIPO DE CONTENIDO |
| Término de tipo de contenido |
texto |
| Código de tipo de contenido |
txt |
| Fuente |
rdacontent |
| 337 ## - TIPO DE MEDIO |
| Nombre/término del tipo de medio |
sin mediación |
| Código del tipo de medio |
n |
| Fuente |
rdamedia |
| 338 ## - TIPO DE SOPORTE |
| Nombre/término del tipo de soporte |
volumen |
| Código del tipo de soporte |
nc |
| Fuente |
rdacarrier |
| 505 ## - NOTA DE CONTENIDO CON FORMATO |
| Nota de contenido con formato |
Miguel Tavárez (Guelo). Un paso hacia la verdad -- Juan Isidro Jimenes Grullón. La República Dominicana : análisis de su pasado y su presente -- Federico García Godoy. Guanuma -- Julio César Martínez. Santo Domingo : desde Trujillo hasta la revolución de abril -- Gérard Pierre Charles. Radiografía de una dictadura : Haití bajo el régimen del Doctor Duvalier -- La máscara : cuentos premiados -- Federico García Godoy. El derrumbe -- Emilio Rodríguez Demorizi. Cuentos de política criolla --Angela Peña. Partidos, políticos y presidentes dominicanos -- Armando Almánzor Rodríguez. Infancia feliz -- Ariette Fernández. Coronel Fernández Domínguez : fundador del movimiento militar constitucionalista --Virgilio Díaz Grullón. De niños, hombres y fantasmas -- Marcia Rodríguez. Haití, un pueblo rebelado -- Edición homenaje. Homenaje a Pedro Mir -- Pircilio Díaz. Una manera extraña de morir y otros relatos --Chiqui Vicioso. Bolver a vivir : imágenes de Nicaragua -- Carmen Sánchez. Descalza entre piedras -- José Diego Grullón. Cayo Confites : la revolución traicionada -- José Jáquez. Ají tití -- León David. Intento de bandera. |
| 590 ## - NOTA LOCAL (RLIN) |
| Nota local |
Inventariado 2024 / MF |
| 600 10 - PUNTO DE ACCESO ADICIONAL DE MATERIA--NOMBRE DE PERSONA |
| Nombre de persona |
Bosch, Juan, |
| Fechas asociadas al nombre |
1909-2001 |
| Subdivisión general |
Prólogos y epílogos. |
| 9 (RLIN) |
76555 |
| 650 #4 - PUNTO DE ACCESO ADICIONAL DE MATERIA--TÉRMINO DE MATERIA |
| Término de materia o nombre geográfico como elemento de entrada |
Ensayos dominicanos |
| Subdivisión general |
Colecciones |
| 9 (RLIN) |
22619 |
| 650 #0 - PUNTO DE ACCESO ADICIONAL DE MATERIA--TÉRMINO DE MATERIA |
| Término de materia o nombre geográfico como elemento de entrada |
LITERATURA DOMINICANA |
| Subdivisión general |
Ensayos |
| Subdivisión de forma |
Colecciones |
| 9 (RLIN) |
78268 |
| 700 1# - PUNTO DE ACCESO ADICIONAL--NOMBRE DE PERSONA |
| Nombre de persona |
Inoa, Orlando, |
| Término indicativo de función/relación |
editor |
| Código de función/relación |
ed. |
| 9 (RLIN) |
5784 |
| 700 1# - PUNTO DE ACCESO ADICIONAL--NOMBRE DE PERSONA |
| Nombre de persona |
Bosch, Juan, |
| Fechas asociadas al nombre |
1909-2001 |
| Término indicativo de función/relación |
prologuista |
| Código de función/relación |
pr. |
| 9 (RLIN) |
76555 |
| 942 ## - ELEMENTOS DE PUNTO DE ACCESO ADICIONAL (KOHA) |
| Fuente del sistema de clasificación o colocación |
Dewey Decimal Classification |
| Tipo de ítem Koha |
Libro |